Taipi
Gespeichert in:
| 1. Verfasser: | |
|---|---|
| Format: | Buch |
| Sprache: | Spanisch |
| Veröffentlicht: |
Santiago
Zig-Zag
1968
|
| Schriftenreihe: | Narradores norteamericanos
|
| Schlagworte: | |
| Tags: |
Tag hinzufügen
Keine Tags, Fügen Sie den ersten Tag hinzu!
|
MARC
| LEADER | 00000nam a2200000 a 4500 | ||
|---|---|---|---|
| 001 | UCV8155 | ||
| 003 | CL-VaPUC | ||
| 008 | 900823e19680000CL |||||||||||||||||spa|d | ||
| 082 | 0 | 4 | |a 813 |b MEL |2 21 |
| 100 | |a Melville, Herman, |d 1819-1891 |e autor |9 308857 | ||
| 245 | 1 | 0 | |a Taipi |
| 300 | |a 377 p | ||
| 942 | |c BK | ||
| 945 | |d 19900823 00:00:00 | ||
| 260 | |a Santiago |b Zig-Zag |c 1968 | ||
| 650 | 0 | |a Novelas estadounidenses |9 265217 | |
| 583 | |a last modification |c 19900823 00:00:00 |k Rodrigo Vera | ||
| 490 | 0 | |a Narradores norteamericanos | |
| 999 | |c 213712 |d 213710 | ||
| 952 | |0 0 |1 0 |4 0 |6 813_000000000000000_MEL_1968 |7 0 |8 P |9 196370 |a BIBARQ |b BIBARQ |d 2019-11-14 |i 2642662 |o 813 MEL 1968 |p 2642662 |r 2025-01-20 |w 2019-11-14 |y BK |k ARQ | ||